| 000 | 00633nam a22001817a 4500 | ||
|---|---|---|---|
| 003 | PILC | ||
| 005 | 20160308075634.0 | ||
| 008 | 160308b xxu||||| |||| 00| 0 eng d | ||
| 020 | _a9789715505895 | ||
| 050 |
_aHD 60.5 _b.F739 2009 |
||
| 245 |
_aFor the people, with the people : _bdeveloping social enterprises in the Philippines / _cedited by Ma. Regina M. Hechanova-Alampay. |
||
| 260 |
_aQuezon City : _bAteneo De Manila University, _c2009. |
||
| 300 |
_axi, 140 pages ; _c25 cm. |
||
| 500 | _aIncludes index. | ||
| 650 |
_aSocial entrepreneurship _zPhilippines. |
||
| 650 |
_aIndustries _xSocial aspect. |
||
| 942 |
_2lcc _cBK _kLOC |
||
| 999 |
_c291473 _d291473 |
||